Statistics for Victoria's Secret Angels names

Click here to take the quiz!

General Stats

  • This quiz has been taken 123 times
  • The average score is 13 of 15

Answer Stats

Here's oneAnswer% Correct
AdrianaLima
100%
TyraBanks
94%
KarlieKloss
93%
HeidiKlum
93%
NaomiCampbell
92%
AlessandraAmbrosio
91%
CandiceSwanepoel
91%
MirandaKerr
90%
GiseleBundchen
88%
TaylorHill
88%
BehatiPrinsloo
85%
LilyAldridge
83%
DoutzenKroes
82%
IzabelGoulart
54%
ErinHeatherton
42%

Score Distribution

Percentile by Number Answered

Percent of People with Each Score

Your Score History

You have not taken this quiz